Canberra Districts Quiz - Statistics

General Stats
  • This quiz has been taken 56 times
  • The average score is 6 of 8
Answer Stats
Answer % Correct
Gungahlin
100%
Belconnen
97%
Tuggeranong
93%
Woden Valley
87%
Weston Creek
73%
South Canberra
60%
Molonglo Valley
57%
North Canberra
57%
No matching quizzes found
Score Distribution
Percent of People with Each Score
Percentile by Number Answered
Your Score History
You have not taken this quiz